Spracovanie údajov o nakladaní s vodami ako súčasť hodnotenia stavu vôd v SR

Postup zberu údajov a spracovanie údajov o nakladaní s vodami. Užívanie vody v SR v roku 2013, aj podľa čiastkových povodí. Využívanie podzemných vôd v hydrogeologických rajónoch SR v roku 2013. Látky vypúšťané do povrchových vôd Slovenska v roku 2013 podľa čiastkových povodí. Významné zdroje znečis...

Full description

Saved in:
Bibliographic Details
Main Author: Döményová, Jana
Format: Book Chapter
Language:Slovak
Subjects:
Tags: Add Tag
No Tags, Be the first to tag this record!

MARC

LEADER 00000naa a2200000 4500
001 0209576
005 20221019174800.6
041 0 |a slo 
044 |a SK 
245 1 0 |a Spracovanie údajov o nakladaní s vodami ako súčasť hodnotenia stavu vôd v SR  |c Jana Döményová ... [et al.] 
520 |a Postup zberu údajov a spracovanie údajov o nakladaní s vodami. Užívanie vody v SR v roku 2013, aj podľa čiastkových povodí. Využívanie podzemných vôd v hydrogeologických rajónoch SR v roku 2013. Látky vypúšťané do povrchových vôd Slovenska v roku 2013 podľa čiastkových povodí. Významné zdroje znečistenia z roku 2013. 
610 2 0 |a voda 
610 2 0 |a voda povrchová 
610 2 0 |a voda podzemná 
610 2 0 |a využitie zdrojov prírodných 
610 2 0 |a znečistenie vôd 
610 2 0 |a Slovensko 
610 2 0 |a 2013 
100 1 |a Döményová, Jana